000 01989cam a2200541 i 4500
001 15901
003 KOSZ 005
005 20250819093112.0
008 250818s1964 pl a f 001 0 pol
015 _aPB 1964/2986
035 _a991042772469705066
035 _a(PL-WaBN)b21504519-48omnis_nlop
035 _ab21504519
035 _a(OCoLC)297642315
035 _a(PL)b0000002150451
035 _a(EXLNZ-48OMNIS_NETWORK)9910406144405606
040 _aWA N
_cWA N
_dKOSZ 005/EG
_dKOSZ 005/RW
046 _k1964
080 _a621.9
080 _a62-1
080 _a(07)
100 1 _aWrotny, Lucjan Tadeusz
_d(1920-2006)
_eAutor
245 1 0 _aPodstawy budowy obrabiarek /
_cLucjan Tadeusz Wrotny.
250 _aWydanie I.
260 _aWarszawa :
_bWydawnictwa Naukowo-Techniczne,
_c1964.
300 _a539, [1] stron, [1] karta tablic :
_bilustracje ;
_c25 cm.
336 _aTekst
_btxt
_2rdacontent
337 _aBez urządzenia pośredniczącego
_bn
_2rdamedia
338 _aWolumin
_bnc
_2rdacarrier
380 _aKsiążki
380 _aPublikacje dydaktyczne
380 _aPublikacje fachowe
385 _mPoziom nauczania
_aTechnikum
385 _mPoziom nauczania
_aSzkoły wyższe
388 1 _a1901-2000
388 1 _a1945-1989
504 _aBibliografia na stronach 523-[529]. Indeks.
521 8 _aKsiążka przeznaczona jest dla inżynierów i techników, technologów i konstruktorów pracujących w przemyśle budowy maszyn oraz dla słuchaczy wyższych i średnich szkół technicznych.
650 7 _aBudowa i konstrukcje
_2DBN
650 7 _aMaszyny i narzędzia skrawające
_2DBN
650 7 _aObrabiarka
_2DBN
655 7 _aPodręczniki
_2DBN
658 _aInżynieria i technika
710 2 _aWydawnictwa Naukowo-Techniczne
_4pbl
856 _uhttp://koha.tu.koszalin.pl/cgi-bin/koha/opac-detail.pl?biblionumber=15901
_yKatalog online BPK
942 _2UKD
_cKS
999 _c15901
_d15901